| 000 | 00642nam a22002057a 4500 | ||
|---|---|---|---|
| 003 | OSt | ||
| 005 | 20170306155509.0 | ||
| 008 | 170306b xxu||||| |||| 00| 0 eng d | ||
| 020 | _a1873732104 | ||
| 040 | _c040a | ||
| 082 |
_aWY 100 _bT343 1995 |
||
| 245 |
_aTheory and practice of nursing: _ban intergrated approach to patient care / _cLynn Basford, Oliver Slevin |
||
| 260 |
_aEdinburgh _bCampion press limited _c1995 |
||
| 300 |
_a790p; _bcol.ill : _c16 cm. |
||
| 504 | _aIncludes bibliographical references and index | ||
| 650 |
_aNursing _9135 |
||
| 700 |
_aBasford, Lynn _911768 |
||
| 700 |
_aSlevin, Oliver _911769 |
||
| 942 |
_2z _cO_SHELF |
||
| 999 |
_c5645 _d5645 |
||